General electrical engineering (Record no. 180285)
[ view plain ]
| 000 -LEADER | |
|---|---|
| fixed length control field | 00912 a2200181 4500 |
| 003 - CONTROL NUMBER IDENTIFIER | |
| control field | Nust |
| 005 - DATE AND TIME OF LATEST TRANSACTION | |
| control field | 20221024134452.0 |
| 040 ## - CATALOGING SOURCE | |
| Transcribing agency | Nust |
| 082 ## - DEWEY DECIMAL CLASSIFICATION NUMBER | |
| Classification number | 621.3,GEN |
| 100 ## - MAIN ENTRY--PERSONAL NAME | |
| Personal name | Kemp, Philip |
| 9 (RLIN) | 41132 |
| 245 ## - TITLE STATEMENT | |
| Title | General electrical engineering |
| Remainder of title | a comprehensive introduction for students, apprentices, and all connected with the electrical engineering industry / |
| Statement of responsibility, etc. | Philip Kemp |
| 260 ## - PUBLICATION, DISTRIBUTION, ETC. | |
| Place of publication, distribution, etc. | Odhams |
| Name of publisher, distributor, etc. | London |
| Date of publication, distribution, etc. | 1947 |
| 300 ## - PHYSICAL DESCRIPTION | |
| Extent | 448:p |
| 505 ## - FORMATTED CONTENTS NOTE | |
| Formatted contents note | Electricity Explained (Page-4) Simple Apparatus and Measurements (Page-41), Generation of Power (Page-81), Translation Work(Page-111), Installation Work (Page-164), Electrical Motors (Page-216), Utilization of Electricity (Page-253), Application of Electricity (Page-309), Telegraphy and Telephony (Page-353), Radio Communication and Television (Page-367). |
| 600 ## - SUBJECT ADDED ENTRY--PERSONAL NAME | |
| Personal name | Philip kemp |
| 9 (RLIN) | 101265 |
| 650 ## - SUBJECT ADDED ENTRY--TOPICAL TERM | |
| Topical term or geographic name entry element | General electrical engineering |
| 9 (RLIN) | 101266 |
| 942 ## - ADDED ENTRY ELEMENTS (KOHA) | |
| Source of classification or shelving scheme | |
| Koha item type | Book |
| Withdrawn status | Lost status | Source of classification or shelving scheme | Damaged status | Not for loan | Collection code | Permanent Location | Current Location | Date acquired | Total Checkouts | Full call number | Barcode | Date last seen | Price effective from | Koha item type | Shelving location | Public note |
|---|---|---|---|---|---|---|---|---|---|---|---|---|---|---|---|---|
| Military College of Signals (MCS) | Military College of Signals (MCS) | 12/12/2016 | 621.3 GEN | MCS21172 | 12/08/2016 | 12/12/2016 | Book | |||||||||
| Military College of Signals (MCS) | Military College of Signals (MCS) | 12/12/2016 | 621.3,GEN | MCS5876 | 12/08/2016 | 12/12/2016 | Book | General Stacks | Almirah No 88, Shelf No 2 | |||||||
| Military College of Signals (MCS) | Military College of Signals (MCS) | 12/12/2016 | 621.3,GEN | MCS6270 | 12/08/2016 | 12/12/2016 | Book | General Stacks | Almirah No.27, Shelf No.6 | |||||||
| Military College of Signals (MCS) | Military College of Signals (MCS) | 12/12/2016 | 621.3,GEN | MCS6294 | 12/08/2016 | 12/12/2016 | Book | General Stacks | Almirah No 88, Shelf No 2 | |||||||
| Military College of Signals (MCS) | Military College of Signals (MCS) | 12/12/2016 | 621.3,GEN | MCS6304 | 12/08/2016 | 12/12/2016 | Book | Almirah No.27, Shelf No.6 |
